000 00837nmm a2200277 a 4500
003 AR-BaBNM
005 20251128211035.0
008 252020s1995 ||||||||||||||000 | spa||
020 _a0-87120-245-X
040 _cAR-BaBNM
100 1 _aTomlinson, Carol Ann
245 1 0 _aHow to differentiate instruction in mixed-ability classrooms
260 _aVirginia
_bASCD
_c1995
300 0 _a80 p.
500 0 _aASCD: Association for Supervision and Curriculum Development
504 _aContiene referencias bibliográficas p. 78
650 4 _aPROCESO DE APRENDIZAJE
650 4 _aAGRUPAMIENTO HETEROGENEO
650 4 _aACTIVIDADES DE LA CLASE
650 4 _aACTIVIDADES EN GRUPO
650 4 _aORGANIZACION DEL CURSO
653 _aEDUCACION EN LA DIVERSIDAD
653 0 _aPROYECTOS DE AULA
942 _cBK
998 _craquel
999 _c17987
_d17987